| 000 | 00876nam a2200217Ii 4500 | ||
|---|---|---|---|
| 003 | JO-AjNU | ||
| 008 | 230605s9999||||xx |||||||||||||| ||und|| | ||
| 017 | _a2013/3/946 | ||
| 040 |
_aJO-AjNU _bara _erda _cJO-AjNU |
||
| 041 | _aara | ||
| 050 | 1 | 4 | _aHV6768 .U64 2013 |
| 100 | 3 |
_aعنيزات، معتصم فلاح, _eauthor _947416 |
|
| 245 | 0 | 0 | _aجريمة غسل الاموال ودور المصارف والبنوك في الاردن اتجاهها من وجهة نظر العاملين فيها |
| 250 | _aط1 | ||
| 264 | 3 | 1 | _aعمان: السواقي العلمية للنشر والتوزبع، 2013 |
| 300 |
_a164ص _bيحتوي على ببلوغرافية من 153-164ص |
||
| 336 |
_atext _btxt _2rdacontent |
||
| 337 |
_aunmediated _bn _2rdamedia |
||
| 338 |
_avolume _bnc _2rdacarrier |
||
| 650 | 4 |
_aغسيل الأموال - مكافحة - الأردن _947417 |
|
| 999 |
_aA20698 _c24266 _d24266 |
||